00267nam a2200109Ia 4500008004100000020001800041082001400059100002300073245002700096260001400123500002000137260604s9999 xx 000 0 und d a9781032736341 a174.4 STE aAbraham stefanidis 0aGlobal Business Ethics bRoutledge aBusiness Ethics